000 00573nam a2200217Ia 4500
003 OSt
005 20220928144151.0
006 a|||||r|||| 00| 0
007 ta
008 220927b |||||||| |||| 00| 0 eng d
024 _a60845
037 _cTextual
040 _aSDCL
_cSDCL
_beng
041 _2eng
_aeng
082 _aX65291, P5
100 _aRanganatham
_9507263
245 0 _aInvestment analysis and port folio management
700 _a Madhumathi
_9507264
942 _hX65291, P5
_cTEXL
_2CC
999 _c826602
_d826602